Aliens ate my homework / (Record no. 6095)
[ view plain ]
| 000 -LEADER | |
|---|---|
| fixed length control field | 01218nam a22003497a 4500 |
| 001 - CONTROL NUMBER | |
| control field | 6095 |
| 003 - CONTROL NUMBER IDENTIFIER | |
| control field | FISKH |
| 005 - DATE AND TIME OF LATEST TRANSACTION | |
| control field | 20250311141706.0 |
| 008 - FIXED-LENGTH DATA ELEMENTS--GENERAL INFORMATION | |
| fixed length control field | 250311b cb ||||| |||| 00| 0 eng d |
| 020 ## - INTERNATIONAL STANDARD BOOK NUMBER | |
| International Standard Book Number | 9781416938835 |
| 020 ## - INTERNATIONAL STANDARD BOOK NUMBER | |
| International Standard Book Number | 1416938834 |
| 020 ## - INTERNATIONAL STANDARD BOOK NUMBER | |
| International Standard Book Number | 9781416938835 |
| 040 ## - CATALOGING SOURCE | |
| Original cataloging agency | DLC |
| Transcribing agency | DLC |
| Modifying agency | DLC |
| Language of cataloging | eng |
| 050 ## - LIBRARY OF CONGRESS CALL NUMBER | |
| Classification number | PZ7.C8344 A |
| 082 ## - DEWEY DECIMAL CLASSIFICATION NUMBER | |
| Classification number | 813.54 |
| 100 1# - MAIN ENTRY--PERSONAL NAME | |
| Personal name | Coville, Bruce. |
| 245 10 - TITLE STATEMENT | |
| Title | Aliens ate my homework / |
| Statement of responsibility, etc. | Bruce Coville ; illustrations by Katherine Coville. |
| 250 ## - EDITION STATEMENT | |
| Edition statement | This Aladdin paperbacks edition May 2007 |
| 260 ## - PUBLICATION, DISTRIBUTION, ETC. | |
| Place of publication, distribution, etc. | New York : |
| Name of publisher, distributor, etc. | Aladdin Paperbacks, |
| Date of publication, distribution, etc. | 1993 |
| 300 ## - PHYSICAL DESCRIPTION | |
| Extent | 179 pages : |
| Other physical details | illustrations ; |
| Dimensions | 20 cm |
| 500 ## - GENERAL NOTE | |
| General note | At head of title: Rod Allbright and The Galactic Patrol. |
| 505 ## - FORMATTED CONTENTS NOTE | |
| Formatted contents note | R<br/> |
| 520 ## - SUMMARY, ETC. | |
| Summary, etc. | Rod is surprised when a miniature spaceship lands in his school science project and reveals five tiny aliens, who ask his help in apprehending an interstellar criminal. |
| 521 8# - TARGET AUDIENCE NOTE | |
| Target audience note | 730<br/> |
| Source | Lexile <br/> |
| 521 8# - TARGET AUDIENCE NOTE | |
| Target audience note | R<br/> |
| Source | Raz-Plus <br/> |
| 650 #1 - SUBJECT ADDED ENTRY--TOPICAL TERM | |
| Topical term or geographic name entry element | Extraterrestrial beings |
| Form subdivision | Fiction. |
| 650 #1 - SUBJECT ADDED ENTRY--TOPICAL TERM | |
| Topical term or geographic name entry element | Science fiction. |
| 700 1# - ADDED ENTRY--PERSONAL NAME | |
| Personal name | Coville, Katherine, |
| Relator term | illustrator |
| 906 ## - LOCAL DATA ELEMENT F, LDF (RLIN) | |
| a | 7 |
| b | cbc |
| c | origcop |
| d | 2 |
| e | ncip |
| f | 20 |
| g | y-gencatlg |
| 942 ## - ADDED ENTRY ELEMENTS (KOHA) | |
| Source of classification or shelving scheme | Dewey Decimal Classification |
| Koha item type | Books |
| Suppress in OPAC | No |
| Withdrawn status | Lost status | Source of classification or shelving scheme | Damaged status | Not for loan | Collection | Home library | Current library | Shelving location | Date acquired | Total Checkouts | Full call number | Barcode | Date due | Date last seen | Date last checked out | Price effective from | Koha item type |
|---|---|---|---|---|---|---|---|---|---|---|---|---|---|---|---|---|---|
| Dewey Decimal Classification | Juvenile Fiction | Footprints International School Library Network Toul Kork Campus | Footprints International School Library Network Toul Kork Campus | TK Primary Library Room(4th Floor), Bookcase 5&6, Shelves 33-56, Orange Books | 03/11/2025 | 1 | COV 813.54 PZ7.C8344 A | FISTK00064 | 11/25/2025 | 11/11/2025 | 11/11/2025 | 03/11/2025 | Books |
